[Event "Buenos Aires CC Argentino op"]
[Site "Buenos Aires"]
[Date "2014.04.24"]
[Round "1"]
[White "Giampa, Alejandro"]
[Black "Giuliani, German"]
[Result "1-0"]
[WhiteElo "2215"]
[BlackElo "1854"]
[PlyCount "69"]
[EventDate "2014.04.24"]
[EventType "swiss"]
[EventRounds "9"]
[EventCountry "ARG"]
[SourceTitle "EXT 2016"]
[Source "ChessBase"]
[SourceDate "2015.10.08"]
[SourceVersion "1"]
[SourceVersionDate "2015.10.08"]
[SourceQuality "1"]

1. e4 g5 2. d4 Bg7 3. c3 h6 4. f4 d5 5. e5 c5 6. Nf3 g4 7. Nh4 h5 8. dxc5 e6 9. g3 Nc6 10. Be3 Bd7 11. Bd3 Bf8 12. b4 Be7 13. Ng2 b5 14. a4 a6 15. axb5 axb5 16. Rxa8 Qxa8 17. 0-0 Nh6 18. Nd2 f5 19. Bxb5 Nxe5 20. Bxd7+ Nxd7 21. Bd4 0-0 22. Qe2 e5 23. fxe5 Qa2 24. c6 Nb8 25. b5 Bg5 26. Nf4 h4 27. gxh4 Bxf4 28. Rxf4 Qa1+ 29. Kg2 Qa3 30. e6 Qe7 31. Qe5 Kh7 32. c7 Nd7 33. exd7 Qxd7 34. b6 g3 35. b7 1-0